[Event "Bodensee Open 2017"]
[Site "Bregenz AUT"]
[Date "2017.05.28"]
[Round "9.2"]
[White "Malakhatko,V"]
[Black "Cunningham,R"]
[Result "1-0"]
[WhiteElo "2487"]
[BlackElo "2255"]

1.c4 e6 2.g3 d5 3.Bg2 Nf6 4.Nf3 Be7 5.O-O O-O 6.d4 dxc4 7.Ne5 Nc6 8.Nxc6 bxc6
9.Na3 Bxa3 10.bxa3 Ba6 11.Qd2 Rb8 12.Qa5 Rb6 13.a4 Qd6 14.e4 Qb4 15.Qxb4 Rxb4
16.Ba3 Rxa4 17.Bxf8 Kxf8 18.Rfc1 Ra3 19.Bf1 Nxe4 20.Bxc4 Bb5 21.Rc2 Nc3
22.Rac1 Nd5 23.Bxd5 exd5 24.Re1 a5 25.Re3 Ra4 26.Rd2 Rb4 27.Rd1 g6 28.h3 Ba4
29.Rd2 Bb5 30.g4 h6 31.Rd1 Ba4 32.Rd2 Bb5 33.Kg2 Rc4 34.Kg3 c5 35.dxc5 Rxc5
36.f3 c6 37.h4 Rc1 38.g5 h5 39.a4 Bxa4 40.Ra3 Rc4 41.Rda2 Bc2 42.Rxa5 Ke7
43.Ra7+ Ke6 44.Ra1 d4 45.Re1+ Kd6 46.Rxf7 d3 47.Rf6+ Kd7 48.Rf7+ Kd6 49.Rf6+
Kd7 50.Ra1 d2 51.Ra7+ Ke8 52.Re6+ Kf8 53.Ra8+ {#r} 1-0

[Event "Deltalift Open 2017"]
[Site "Tylosand SWE"]
[Date "2017.05.25"]
[Round "4.5"]
[White "Kucuksari,Kaan"]
[Black "Westerberg,J"]
[Result "0-1"]
[WhiteElo "2310"]
[BlackElo "2460"]

1.d4 Nf6 2.Nf3 d5 3.c4 e6 4.g3 Be7 5.Bg2 O-O 6.O-O dxc4 7.Qc2 a6 8.Qxc4 b5
9.Qc2 Bb7 10.Bd2 Be4 11.Qc1 c6 12.Be3 Nbd7 13.Nc3 Bg6 14.Ne5 Nxe5 15.dxe5 Nd5
16.Nxd5 cxd5 17.Qd2 Qc7 18.Bd4 Qc2 19.Qe3 Bh5 20.f3 Rac8 21.Rfc1 Qa4 22.b3 Qa3
23.Rc3 b4 24.Rxc8 Rxc8 25.Qd2 Bg6 26.Bb2 Qa5 27.Rc1 Rxc1+ 28.Bxc1 Qc7 29.e4
dxe4 30.fxe4 Qxe5 31.Bb2 Qc5+ 32.Bd4 Qc6 33.Qe3 Qc2 34.h4 h5 35.Kh2 Qxa2
36.Qd3 Qa5 37.Qc4 Qd8 38.Be3 a5 39.Qb5 Bd6 40.Bg5 Qc7 41.Qd3 Be5 42.Bd8 Bxg3+
43.Kh3 Qd6 44.Qxd6 Bxd6 45.Bxa5 e5 46.Kg3 f6 47.Bf3 Bc5 48.Kg2 Kf8 49.Kf1 Ke7
50.Ke2 Bf7 {#R} 0-1

[Event "26th Chicago Open 2017"]
[Site "Chicago USA"]
[Date "2017.05.25"]
[Round "1.2"]
[White "Avrukh,B"]
[Black "Homa,S"]
[Result "1-0"]
[WhiteElo "2592"]
[BlackElo "2285"]
[EventType "swiss"]

1.d4 Nf6 2.c4 e6 3.g3 d5 4.Bg2 dxc4 5.Nf3 Be7 6.Qa4+ c6 7.Qxc4 b5 8.Qc2 Bb7
9.O-O Nbd7 10.Nc3 b4 11.Na4 Qa5 12.a3 c5 13.Bd2 Be4 14.Qd1 cxd4 15.Bxb4 Bxb4
16.axb4 Qd5 17.Qc1 O-O 18.Rd1 Rac8 19.Nc3 Qb7 20.Rxd4 e5 21.Rd1 Qxb4 22.Rxa7
Bxf3 23.Bxf3 e4 24.Bg4 Nxg4 25.Rdxd7 e3 26.f3 Ne5 27.Rdc7 Qd6 28.Ne4 Rxc7
29.Rxc7 Qa6 30.Qxe3 Nc4 31.Qd4 Qa1+ 32.Kg2 {#r} 1-0

[Event "26th Chicago Open 2017"]
[Site "Chicago USA"]
[Date "2017.05.26"]
[Round "2.46"]
[White "Saleem,Arshaq"]
[Black "Ghatti,Sanjay"]
[Result "0-1"]
[WhiteElo "2042"]
[BlackElo "2235"]
[EventType "swiss"]

1.d4 d5 2.c4 e6 3.Nf3 Nf6 4.g3 Be7 5.Bg2 O-O 6.O-O dxc4 7.Qc2 a6 8.a4 Bd7
9.Qxc4 Bc6 10.Bg5 Bd5 11.Qc2 Be4 12.Qc1 Nc6 13.Nbd2 Nxd4 14.Nxd4 Bxg2 15.Nxe6
fxe6 16.Kxg2 Qd5+ 17.Nf3 Bd6 18.Rd1 Qf5 19.Nd4 Qg6 20.f3 e5 21.Qc4+ Kh8 22.Ne6
Rfe8 23.Bxf6 Qxf6 24.Nc5 Bxc5 25.Qxc5 e4 26.Rd2 exf3+ 27.exf3 c6 28.Rad1 h6
29.Qb6 Re7 30.Rd8+ Kh7 31.Qf2 Rxd8 32.Rxd8 Qf5 33.Qd2 Re5 34.Kf2 Rc5 35.Rd3
Rc4 36.b3 Qc5+ 37.Qe3 Rc2+ 38.Kg1 Qxe3+ 39.Rxe3 b5 40.axb5 cxb5 41.Re6 Ra2
42.b4 h5 43.f4 h4 44.gxh4 Ra4 45.f5 Rxb4 46.Rxa6 Rg4+ 47.Kf2 Rxh4 48.Kg3 Rh6
49.Ra3 Rb6 50.Rb3 b4 51.Kg4 Kg8 52.h4 Kf7 53.Kg5 Rb8 54.h5 Rb7 {#R} 0-1

[Event "15th Somov Memorial 2017"]
[Site "Kirishi RUS"]
[Date "2017.05.24"]
[Round "7.3"]
[White "Kaasen,Tor Fredrik"]
[Black "Shubin,Kirill"]
[Result "0-1"]
[WhiteElo "2402"]
[BlackElo "2287"]

1.d4 e6 2.c4 Nf6 3.Nf3 c5 4.d5 d6 5.Nc3 exd5 6.cxd5 a6 7.a4 g6 8.Bf4 Bg7 9.h3
O-O 10.e3 Ne8 11.Be2 Nd7 12.O-O Qe7 13.Qc2 h6 14.Nd2 Ne5 15.a5 f5 16.Rae1 Rb8
17.Bh2 b5 18.axb6 Rxb6 19.f4 Nf7 20.Nc4 Rb4 21.Bd3 Nf6 22.Kh1 Bd7 23.e4 fxe4
24.Nxe4 Ba4 25.Qb1 Nxe4 26.Rxe4 Qf6 27.f5 gxf5 28.Ref4 Bd7 29.Bxf5 Bxf5
30.Rxf5 Qg6 31.Bxd6 Re8 32.b3 Nxd6 33.Nxd6 Qxd6 34.Rf7 Rbe4 35.Qd1 Qe5 36.Qd3
Re1 37.d6 Rxf1+ 38.Rxf1 Qd4 39.Qxa6 Rd8 40.Rc1 Rxd6 41.Qc8+ Bf8 42.Rc4 Qa1+
43.Kh2 Qe5+ 44.Kg1 Rd1+ 45.Kf2 Qe1+ 46.Kf3 Rd3+ 47.Kf4 Qe3+ 48.Kf5 Rd5+ {#R}
0-1

[Event "26th Chicago Open 2017"]
[Site "Chicago USA"]
[Date "2017.05.26"]
[Round "2.45"]
[White "Gorti,Akshita"]
[Black "Mathur,Rithwik"]
[Result "1-0"]
[WhiteElo "2240"]
[BlackElo "2073"]
[EventType "swiss"]

1.d4 Nf6 2.c4 e6 3.Nf3 d5 4.Nc3 Nbd7 5.Bf4 dxc4 6.e3 b5 7.Nxb5 Bb4+ 8.Nc3 Nd5
9.Rc1 N7b6 10.Bg3 O-O 11.Be2 c5 12.O-O cxd4 13.Nxd4 Bb7 14.Qc2 Rc8 15.Rfd1 Qe7
16.Nxd5 Bxd5 17.e4 Bb7 18.Nb5 e5 19.a3 Bc6 20.axb4 Bxb5 21.Ra1 a6 22.f3 Qxb4
23.Be1 Qc5+ 24.Bf2 Qc6 25.Qc3 f6 26.Qb4 Rfd8 27.Rac1 Qe6 28.Qa5 Rxd1+ 29.Rxd1
Nd7 30.Bf1 Kf7 31.Rd5 Nf8 32.Qd2 Qe7 33.g3 Ke8 34.Bb6 Nd7 35.Ba5 Nc5 36.Bb4
Nb3 37.Qc3 Qa7+ 38.Kg2 Nd4 39.f4 Bc6 40.Qxc4 Qb7 41.Rxe5+ fxe5 42.Qg8+ Kd7
43.Qxg7+ Kd8 44.Qf6+ Kc7 45.Qxe5+ Kd8 46.Qf6+ Kc7 47.Bd6+ Kb6 48.Qxd4+ Ka5
49.Qc3+ Kb6 50.Qc5# 1-0

[Event "TCh-FRA Top 12 2017"]
[Site "Chartres FRA"]
[Date "2017.05.26"]
[Round "9.6"]
[White "Demuth,A"]
[Black "Decosse,J"]
[Result "1-0"]
[WhiteElo "2542"]
[BlackElo "2216"]

1.d4 Nf6 2.c4 e6 3.Nf3 Bb4+ 4.Bd2 c5 5.e3 b6 6.Bd3 Bb7 7.O-O O-O 8.Nc3 cxd4
9.exd4 d5 10.cxd5 Nxd5 11.a3 Be7 12.Re1 Nd7 13.Qe2 Rc8 14.Ne4 N7f6 15.Neg5 Bd6
16.Ne5 Qe7 17.Rad1 b5 18.Bb1 b4 19.a4 b3 20.Qd3 h6 21.Nh7 Rfd8 22.Nxf6+ Qxf6
23.Qh7+ Kf8 24.Ng4 Qh4 25.Qh8+ Ke7 26.Qxg7 Rg8 27.Rxe6+ Kxe6 28.Re1+ Kd7
29.Qxf7+ Ne7 30.Nf6+ Kc7 31.Rxe7+ Bxe7 32.Nxg8 Kd8 33.Ba5+ Kd7 34.Bf5+ {#r}
1-0

[Event "36th Zalakaros Open 2017"]
[Site "Zalakaros HUN"]
[Date "2017.05.23"]
[Round "6.43"]
[White "Tica,Sven"]
[Black "Marosi,Le"]
[Result "1-0"]
[WhiteElo "2332"]
[BlackElo "2286"]

1.d4 Nf6 2.g3 e6 3.c4 d5 4.Nf3 Bb4+ 5.Bd2 Be7 6.Bg2 O-O 7.O-O c6 8.Qc2 Nbd7
9.Bf4 b6 10.Nc3 Bb7 11.Rfd1 dxc4 12.Nd2 Nd5 13.Nxc4 Nxf4 14.gxf4 Nf6 15.Ne5
Nd5 16.e3 Rc8 17.Rac1 f6 18.Nd3 Bd6 19.Qa4 Rf7 20.Ne2 f5 21.b4 a6 22.Ne5 Rfc7
23.Qb3 Bxb4 24.a3 Be7 25.Bxd5 Qxd5 26.Qxb6 Qb5 27.Nc4 Ba8 28.Kf1 Qd5 29.Ng3 h5
30.Nxh5 c5 31.Ne5 c4 32.Ng3 c3 33.Qxa6 Bb7 34.Qe2 Bxa3 35.Rc2 Ra8 36.Qh5 Bd6
37.f3 Bxe5 38.fxe5 Qb3 39.Rcc1 Ba6+ 40.Kg1 c2 41.Re1 f4 42.Ne4 Bd3 43.Qg6 Rf7
44.exf4 Qc4 45.Qxf7+ Kxf7 46.Nd6+ {#r} 1-0

[Event "36th Zalakaros Open 2017"]
[Site "Zalakaros HUN"]
[Date "2017.05.26"]
[Round "9.13"]
[White "Livaic,Leon"]
[Black "Aczel,G"]
[Result "0-1"]
[WhiteElo "2464"]
[BlackElo "2546"]

1.d4 Nf6 2.c4 e6 3.Nf3 Bb4+ 4.Bd2 a5 5.g3 d6 6.Bg2 Nbd7 7.O-O e5 8.e3 c6 9.Qc2
O-O 10.a3 Bxd2 11.Nfxd2 Qb6 12.d5 cxd5 13.cxd5 Nc5 14.Rc1 Bd7 15.Nc4 Qa6
16.Nbd2 Rfc8 17.b4 axb4 18.axb4 Qxa1 19.bxc5 Qa2 20.Nxd6 Qxc2 21.Rxc2 Ra1+
22.Nf1 Ba4 23.Rc3 Rc7 24.Nf5 Kf8 25.d6 Rd7 26.f4 exf4 27.gxf4 Bb5 28.Ng3 h5
29.h4 g6 30.e4 Bc6 31.Rd3 Rc1 32.e5 Ng4 33.Bxc6 bxc6 34.Ne4 Rd8 35.Kg2 Ra8
36.Nfd2 Ke8 37.Ng5 Kd7 38.Nxf7 Rxc5 39.Rb3 Rb5 40.Rxb5 cxb5 41.Ne4 b4 42.Nc5+
Kc6 43.Nb3 Ne3+ 44.Kf2 Nf5 45.Ke2 Ra7 46.Ng5 Ra3 47.Nd2 Nd4+ 48.Kf2 b3 49.e6
Ra2 50.Ke3 Nf5+ 51.Kd3 Kxd6 52.Nxb3 Ra3 53.Kc2 Ra4 54.Nh3 Nxh4 55.Kd3 Nf5 {#R}
0-1

[Event "15th Somov Memorial 2017"]
[Site "Kirishi RUS"]
[Date "2017.05.23"]
[Round "6.1"]
[White "Hakobyan,Aram"]
[Black "Lobanov,Sergei"]
[Result "1-0"]
[WhiteElo "2449"]
[BlackElo "2429"]

1.d4 Nf6 2.c4 e6 3.Nf3 Bb4+ 4.Bd2 Qe7 5.g3 Bxd2+ 6.Qxd2 Nc6 7.Nc3 d5 8.cxd5
exd5 9.Bg2 O-O 10.O-O Bf5 11.Qf4 Be4 12.e3 Rfe8 13.Rac1 Rad8 14.Rfd1 h6 15.Ne5
g5 16.Nxc6 bxc6 17.Qe5 Qxe5 18.dxe5 Bxg2 19.Kxg2 Ng4 20.Ne2 Nxe5 21.Nd4 Rd6
22.b3 Rf6 23.Rc3 h5 24.Rd2 g4 25.Rdc2 c5 26.Rxc5 Nd3 27.Rc6 Ne1+ 28.Kf1 Nxc2
29.Rxf6 Nb4 30.a3 c5 31.Nb5 Nd3 32.Nxa7 d4 33.Rd6 Ne5 34.Nc6 Nf3 35.Ke2 Kg7
36.a4 dxe3 37.fxe3 Ra8 38.Ne7 Rb8 39.Nf5+ Kg8 40.Rd3 Nxh2 41.Nh4 Kg7 42.Rc3
Kf6 43.Kf2 c4 44.bxc4 Rb2+ 45.Kg1 Ke5 46.c5 Nf3+ 47.Nxf3+ gxf3 48.c6 Ke4
49.Rc1 f2+ 50.Kf1 {#r} 1-0

[Event "26th Chicago Open 2017"]
[Site "Chicago USA"]
[Date "2017.05.26"]
[Round "2.9"]
[White "Perez,Rob"]
[Black "Friedel,J"]
[Result "1-0"]
[WhiteElo "2365"]
[BlackElo "2528"]
[EventType "swiss"]

1.d4 Nf6 2.c4 e6 3.Nf3 Bb4+ 4.Nbd2 O-O 5.a3 Be7 6.e4 d6 7.Bd3 Nbd7 8.O-O e5
9.b3 exd4 10.Nxd4 Re8 11.Bb2 Bf8 12.b4 a5 13.N4b3 axb4 14.axb4 Rxa1 15.Qxa1 c6
16.Qa7 g6 17.Bc3 d5 18.exd5 cxd5 19.c5 Ne5 20.Bb5 Nc6 21.Qa8 d4 22.Bxd4 Nxd4
23.Nxd4 Bd7 24.Qxd8 Rxd8 25.Bxd7 Rxd7 26.N2f3 Nd5 27.Rb1 Nc3 28.Rc1 Nd5 29.b5
Rd8 30.c6 bxc6 31.bxc6 Nc7 32.g3 Bg7 33.Rc4 Kf8 34.Kg2 Ke7 35.Ne2 h6 36.h4 Ne6
37.Nc3 Bxc3 38.Rxc3 f6 39.h5 g5 40.Rb3 Rc8 41.Rb7+ Kf8 42.Nh2 Nd8 43.Rd7 Nf7
44.Ng4 Rxc6 45.Ne3 Ne5 46.Ra7 g4 47.Nf5 Rc1 48.Nxh6 Rc5 49.Nf5 Kg8 50.Ne3 Kh8
51.h6 Rb5 52.Ra6 Kh7 53.Rxf6 Rb4 54.Re6 Nd3 55.Rf6 Ne5 56.Rd6 Rb2 57.Nf5 Nf3
58.Ne3 Ne5 59.Rd4 Nf3 60.Rd7+ Kg6 61.Nxg4 Ne1+ 62.Kf1 Rb1 63.Rg7+ Kf5 64.h7
Ke4 65.Re7+ Kf3 {#r} 1-0

[Event "26th Chicago Open 2017"]
[Site "Chicago USA"]
[Date "2017.05.26"]
[Round "2.14"]
[White "Mandiza,F"]
[Black "Brown,Michael William"]
[Result "0-1"]
[WhiteElo "2342"]
[BlackElo "2489"]
[EventType "swiss"]

1.d4 Nf6 2.c4 e6 3.Nf3 Bb4+ 4.Nbd2 d6 5.Qa4+ Nc6 6.a3 Bxd2+ 7.Bxd2 O-O 8.O-O-O
Ne4 9.Be1 e5 10.e3 exd4 11.Nxd4 Bd7 12.Qc2 Nc5 13.Nb5 a5 14.Bc3 Re8 15.h4 Qc8
16.Bd3 Nxd3+ 17.Qxd3 Bf5 18.Qe2 Ne5 19.h5 h6 20.Rh4 f6 21.f3 a4 22.Nd4 Bh7
23.e4 Kh8 24.Nc2 f5 25.Ne3 Qd8 26.Rdh1 fxe4 27.f4 Nd3+ 28.Kb1 Rf8 29.Qg4 Qe7
30.Rf1 Rae8 31.Qg3 Rf7 32.Qh2 Ref8 33.Rg4 Ne5 34.Rh4 Qe6 35.Rc1 Nd3 36.Rf1 b5
37.cxb5 Qb3 38.g3 Rb8 39.Qc2 Qxb5 40.Rg4 Qc5 41.Qd2 Rb3 42.f5 Rxc3 43.Qxc3
Qxe3 44.f6 Rxf6 45.Rxf6 Qg1+ {#R} 0-1

[Event "Ayr Congress Open 2017"]
[Site "Ayr SCO"]
[Date "2017.05.28"]
[Round "4.1"]
[White "White,S"]
[Black "Orr,M"]
[Result "1-0"]
[WhiteElo "2072"]
[BlackElo "2152"]

1.d4 Nf6 2.c4 e6 3.Nf3 Bb4+ 4.Nbd2 O-O 5.a3 Be7 6.e4 d6 7.Bd3 c5 8.d5 e5 9.Nf1
Ne8 10.h3 Nc7 11.b4 cxb4 12.axb4 a5 13.bxa5 Nca6 14.Be3 Nd7 15.N1d2 Nac5
16.Nb3 Nxb3 17.Qxb3 b6 18.O-O bxa5 19.Qb5 Qc7 20.Ra3 Bd8 21.Nd2 Ba6 22.Qa4 Nc5
23.Bxc5 Qxc5 24.Nb3 Qc7 25.Qxa5 Qxa5 26.Nxa5 Bb6 27.Nb3 Bb7 28.Rfa1 Rxa3
29.Rxa3 Ra8 30.Rxa8+ Bxa8 31.Kf1 Kf8 32.c5 dxc5 33.Ba6 Ke7 34.Ke2 f6 35.Kd3
c4+ 36.Kxc4 Bxf2 37.g4 g6 38.Bc8 Kd8 39.Be6 Kc7 40.Kb5 Bb7 41.Nd2 Bc8 42.Bxc8
Kxc8 43.Kc6 {#r} 1-0

[Event "4th Gligoric Cup 2017"]
[Site "Novi Banovci SRB"]
[Date "2017.05.27"]
[Round "4.2"]
[White "Antic,De"]
[Black "Solomunovic,I"]
[Result "1-0"]
[WhiteElo "2445"]
[BlackElo "2402"]

1.d4 Nf6 2.c4 e6 3.g3 d5 4.Nf3 Bb4+ 5.Bd2 Be7 6.Bg2 O-O 7.O-O c6 8.Qc2 b6 9.b3
Nbd7 10.Rd1 a5 11.Bc3 Ba6 12.Nbd2 Rc8 13.e4 c5 14.exd5 exd5 15.Qb2 Re8 16.Ne5
cxd4 17.Bxd4 Nxe5 18.Bxe5 Ba3 19.Qxa3 Rxe5 20.cxd5 Be2 21.Re1 Re8 22.d6 Rc5
23.Rac1 Rxc1 24.Rxc1 h5 25.Re1 Bd3 26.Re7 b5 27.Qc5 Bg6 28.Nf1 b4 29.Ne3 Bb1
30.Nd5 Nxd5 31.Bxd5 Rf8 32.d7 Bg6 33.h4 Kh7 34.Bf3 Kg8 35.Bc6 f6 36.Qd6 Kh8
37.Re8 Kg8 38.Re3 {#r} 1-0

[Event "TCh-FRA Top 12 2017"]
[Site "Chartres FRA"]
[Date "2017.05.24"]
[Round "7.1"]
[White "Sanikidze,T"]
[Black "Neiksans,A"]
[Result "0-1"]
[WhiteElo "2518"]
[BlackElo "2599"]

1.d4 Nf6 2.c4 e6 3.Nf3 b6 4.a3 Bb7 5.Nc3 d5 6.cxd5 Nxd5 7.Qa4+ Nd7 8.Nxd5 Bxd5
9.Qc2 Rc8 10.e4 Bb7 11.Bb5 c6 12.Bc4 Be7 13.O-O O-O 14.Bf4 b5 15.Ba2 c5 16.d5
c4 17.d6 Bf6 18.e5 Bxf3 19.exf6 Qxf6 20.Bb1 g6 21.Bh6 Qh4 22.Qc3 Qxh6 23.Qxf3
Qd2 24.Qb7 Nc5 25.Qxb5 Nb3 26.Ra2 Qxd6 27.Bc2 Nd4 28.Qa4 Rc5 29.Bd1 a5 30.b4
cxb3 31.Bxb3 Rb8 32.Bc4 Nf3+ 33.gxf3 Rg5+ 34.Kh1 Qf4 {#R} 0-1

[Event "TCh-FRA Top 12 2017"]
[Site "Chartres FRA"]
[Date "2017.05.28"]
[Round "11.3"]
[White "Shchekachev,A"]
[Black "Van Foreest,Jorden"]
[Result "0-1"]
[WhiteElo "2538"]
[BlackElo "2595"]

1.Nf3 Nf6 2.c4 b6 3.Nc3 Bb7 4.d4 e6 5.a3 d5 6.Qc2 c5 7.cxd5 exd5 8.Bg5 Be7
9.e3 O-O 10.Bd3 Nbd7 11.O-O Ne4 12.Bf4 Rc8 13.Rfd1 Ndf6 14.dxc5 Rxc5 15.Be5
Qa8 16.Bd4 Rcc8 17.Qe2 Ng4 18.Rf1 Bf6 19.Bxf6 Ngxf6 20.Nb5 Ba6 21.Nfd4 Bxb5
22.Bxb5 Rc5 23.Rfd1 Qb8 24.Qf3 Nd6 25.Bf1 Nc4 26.b3 Ne5 27.Qf4 Ne4 28.b4 Rcc8
29.Nf5 Rfe8 30.Rxd5 Nc3 31.Rd4 Re6 32.Qg5 Ng6 33.h4 Ne4 34.Qg4 Nf6 35.Qf3 Ne5
36.Qg3 g6 37.Rad1 Nh5 38.Nh6+ Kg7 39.Nf5+ Kh8 40.Qh3 gxf5 41.Qxf5 Nf6 42.g3
Kg7 43.Bg2 Qc7 44.Qg5+ Ng6 45.Qb5 Qe7 46.h5 Ne5 47.Qe2 Rc7 48.Rh4 h6 49.Rhd4
Rc3 50.a4 Nc6 51.Rf4 Nxb4 52.Qb2 Rd3 53.Rc1 a5 {#R} 0-1

[Event "36th Zalakaros Open 2017"]
[Site "Zalakaros HUN"]
[Date "2017.05.25"]
[Round "8.29"]
[White "Farago,I"]
[Black "Rudolf,Mi"]
[Result "0-1"]
[WhiteElo "2411"]
[BlackElo "2340"]

1.d4 e6 2.c4 b6 3.a3 Bb7 4.Nc3 Nf6 5.Nf3 Ne4 6.Nxe4 Bxe4 7.e3 d5 8.Bd3 Bd6
9.b4 O-O 10.O-O Nd7 11.Bb2 Qf6 12.Bxe4 dxe4 13.Nd2 Qh6 14.h3 f5 15.Qa4 Nf6
16.Qc6 f4 17.Nxe4 fxe3 18.Nxd6 cxd6 19.Rae1 Rac8 20.Qf3 Nd5 21.Qe2 exf2+
22.Rxf2 Rxf2 23.Kxf2 Nf4 24.Bc1 Nxe2 25.Bxh6 Nxd4 26.Be3 Rf8+ 27.Kg1 Nc2
28.Re2 Nxa3 29.c5 Nc4 30.cxd6 Nxd6 31.Bd4 Re8 32.Rc2 Rc8 33.Ra2 Nb5 34.Be5 Rd8
35.Kh2 Rd7 36.Rc2 Kf7 37.Rc8 Rd5 38.Bb8 Rd4 39.Be5 Re4 40.Ba1 Rxb4 41.Rb8 Nd4
42.Rb7+ Kf6 43.Rxa7 e5 44.Rb7 h5 45.Bc3 Rb3 46.Be1 b5 47.Ba5 Ne6 48.Rb6 e4
49.Be1 g5 50.h4 g4 51.Bg3 e3 {#R} 0-1

[Event "36th Zalakaros Open 2017"]
[Site "Zalakaros HUN"]
[Date "2017.05.26"]
[Round "9.5"]
[White "Erdos,V"]
[Black "Kovalenko,I"]
[Result "0-1"]
[WhiteElo "2614"]
[BlackElo "2657"]

1.d4 Nf6 2.c4 e6 3.Nf3 b6 4.Bf4 Bb7 5.e3 Bb4+ 6.Nbd2 Be7 7.h3 c5 8.Be2 cxd4
9.Nxd4 O-O 10.O-O d5 11.Rc1 Nbd7 12.Bh2 Nc5 13.cxd5 Nxd5 14.Nc4 a6 15.a3 b5
16.Ne5 Rc8 17.Bf3 Bd6 18.Qe2 Qe7 19.Rc2 Bxe5 20.Bxe5 Nd7 21.Bg3 Rxc2 22.Nxc2
Rc8 23.Rd1 N7b6 24.e4 Nf6 25.Bh4 Qc5 26.Bxf6 gxf6 27.Ne3 Nc4 28.Ng4 Qg5 29.g3
h5 30.h4 Qg6 31.Nh2 Ne5 32.Bg2 Rc4 33.Re1 Rd4 34.Qe3 Rd7 35.b3 Kg7 36.a4 bxa4
37.bxa4 Bc6 38.Qb6 Bxa4 39.Qxa6 Bc2 40.Qe2 Bd3 41.Qe3 Bc4 42.Ra1 Rd3 43.Qc5
Rb3 44.Rd1 Bd3 45.Qd4 Bb5 46.Ra1 Qh6 47.Rd1 Be2 48.Re1 Bb5 49.Rd1 Qh8 50.Ra1
Qc8 51.Qd1 Rc3 52.Bf1 Qc5 53.Bxb5 Rxg3+ 54.Kh1 Ng4 55.Nxg4 Rxg4 {#R} 0-1

[Event "10th KIIT Elite Open 2017"]
[Site "Bhubaneswar IND"]
[Date "2017.05.27"]
[Round "3.4"]
[White "Sahoo,U"]
[Black "Debashis,D"]
[Result "1-0"]
[WhiteElo "2256"]
[BlackElo "2496"]

1.d4 Nf6 2.c4 e6 3.Nf3 b6 4.Nc3 Bb7 5.Qc2 Bb4 6.a3 Bxc3+ 7.Qxc3 O-O 8.Bg5 d6
9.e3 Nbd7 10.Be2 h6 11.Bh4 g5 12.Bg3 Ne4 13.Qc2 f5 14.O-O-O Qf6 15.Bd3 Kg7
16.Ne1 Nxg3 17.hxg3 e5 18.dxe5 Nxe5 19.Be2 Rae8 20.Qc3 a5 21.f3 Ba6 22.Nc2 Nc6
23.Qxf6+ Rxf6 24.b4 Ne5 25.b5 Bc8 26.Kd2 Be6 27.Kc3 Bf7 28.Rhe1 Nd7 29.Bd3 Nc5
30.Nd4 Bg6 31.Bc2 Rf7 32.Re2 h5 33.Rde1 Kf6 34.Rf1 Rfe7 35.Rfe1 g4 36.Nc6 Re6
37.Kd2 gxf3 38.gxf3 Rg8 39.Rh2 Ree8 40.Rh4 Rg7 41.Nd4 Ne6 42.Nxe6 Rxe6 43.Rf4
Re5 44.g4 d5 45.gxf5 Bf7 46.cxd5 Rxd5+ 47.Bd3 Be8 48.e4 Rg2+ 49.Ke3 Rc5 50.Rh4
Ra2 51.Kf4 Re5 52.Ke3 Rxa3 53.f4 Rc5 54.e5+ Kf7 55.Rxh5 Bxb5 56.Rd1 Rcc3
57.e6+ Kf6 58.Rh7 Be8 59.Rh6+ Kg7 60.Rh3 Kf6 61.Kd4 c5+ 62.Kd5 c4 63.Rh6+ Kg7
64.f6+ Kxh6 65.Rh1+ Bh5 66.Rxh5+ Kxh5 67.f7 Rxd3+ 68.Ke4 Rd6 69.f8=Q Rxe6+
70.Kf5 Rae3 71.Qh8+ Rh6 72.Qg7 {#r} 1-0

[Event "Deltalift Open 2017"]
[Site "Tylosand SWE"]
[Date "2017.05.27"]
[Round "7.14"]
[White "Sorensen,Hampus"]
[Black "Tuomainen,Felix"]
[Result "0-1"]
[WhiteElo "2103"]
[BlackElo "2294"]

1.d4 Nf6 2.c4 e6 3.Nf3 b6 4.a3 g6 5.g3 Bb7 6.Bg2 Bg7 7.O-O O-O 8.Nc3 d6 9.Qc2
Nbd7 10.e4 Qe7 11.h3 e5 12.dxe5 dxe5 13.Rd1 c6 14.Bg5 Nc5 15.b4 Ne6 16.Be3 c5
17.bxc5 bxc5 18.Nd5 Nxd5 19.cxd5 Nd4 20.Bxd4 cxd4 21.Rab1 Bc8 22.Nd2 a5 23.Nc4
Ba6 24.d6 Qe6 25.Nb6 Rab8 26.Qc5 Rfd8 27.d7 Be2 28.Re1 Bd3 29.Rb2 Bf8 30.Qxa5
Qc6 31.Nd5 Ra8 32.Rb6 Rxa5 33.Rxc6 Kg7 34.Rc7 Bd6 35.Rb7 Bc2 36.Nb4 Ba4 37.f4
Rxd7 38.Rxd7 Bxd7 39.Nd3 Rxa3 40.fxe5 Bc7 41.Bf1 Bxh3 42.Rd1 Bg4 43.Rc1 Rc3
44.Rxc3 dxc3 45.Kf2 c2 46.Ke3 Bxe5 47.Kd2 Bxg3 48.Kxc2 Bf3 49.e5 Be4 50.Kc3
Bxd3 {#R} 0-1

[Event "26th Chicago Open 2017"]
[Site "Chicago USA"]
[Date "2017.05.26"]
[Round "2.51"]
[White "Studen,D"]
[Black "Kelly,Joey M"]
[Result "0-1"]
[WhiteElo "2212"]
[BlackElo "2039"]
[EventType "swiss"]

1.d4 Nf6 2.c4 e6 3.Nf3 b6 4.Bg5 Bb7 5.e3 Bb4+ 6.Nbd2 h6 7.Bh4 g5 8.Nxg5 hxg5
9.Bxg5 c5 10.dxc5 bxc5 11.a3 Ba5 12.f3 d6 13.Qc2 Bxd2+ 14.Qxd2 Ne4 15.Bxd8
Nxd2 16.Bf6 Rh6 17.Bg5 Rg6 18.Kxd2 Rxg5 19.h4 Rg8 20.Rh3 f5 21.Rd1 Nd7 22.Ke2
Ke7 23.Kf2 Ne5 24.h5 Ba6 25.Rh4 Rab8 26.Rd2 Rb3 27.h6 Ng6 28.h7 Rh8 29.Rh1 Nf8
30.Be2 Rb6 31.b4 Rxh7 32.Rhd1 Nd7 33.b5 Bb7 34.a4 a5 35.bxa6 Rxa6 36.a5 Rh8
37.Rb2 Bc6 38.Rbd2 Ba8 39.Ra2 Ne5 40.Rb1 Bc6 41.Rd1 Rha8 42.f4 Nf7 43.Rda1 Nd8
44.g4 fxg4 45.Bxg4 Nb7 46.Be2 Rxa5 47.Rxa5 Rxa5 48.Rxa5 Nxa5 49.Ke1 Bb7 50.Kd2
Ba6 51.Kc3 d5 52.f5 exf5 53.Bd3 Nxc4 54.Bxf5 Nxe3 55.Bh7 Kf6 56.Kd2 d4 57.Bb1
Ke5 58.Bh7 c4 59.Bg6 c3+ 60.Kc1 Nd5 61.Kd1 Kf4 62.Ke1 Ke3 63.Kd1 Nf4 64.Bh7 d3
{#R} 0-1

[Event "36th Zalakaros Open 2017"]
[Site "Zalakaros HUN"]
[Date "2017.05.25"]
[Round "8.6"]
[White "Zubov,A UKR"]
[Black "Sanal,V"]
[Result "1-0"]
[WhiteElo "2604"]
[BlackElo "2533"]

1.d4 Nf6 2.c4 e6 3.Nf3 b6 4.e3 Bb7 5.Bd3 d5 6.b3 Bb4+ 7.Nbd2 O-O 8.O-O Nbd7
9.Bb2 Ne4 10.Rc1 Rc8 11.Qe2 a5 12.Rc2 f5 13.Rfc1 Bd6 14.Nf1 Ra8 15.Ng3 a4
16.Nh5 axb3 17.axb3 g6 18.Nf4 Re8 19.Ne5 Bxe5 20.dxe5 Ndc5 21.b4 Nxd3 22.Qxd3
Ra2 23.f3 Ng5 24.Rd2 c6 25.cxd5 cxd5 26.Rdc2 Re7 27.Bd4 Rxc2 28.Rxc2 Nf7
29.Qb5 Qb8 30.Qxb6 Nxe5 31.Nxe6 Nc4 32.Rxc4 dxc4 33.Nd8 {#r} 1-0

[Event "36th Zalakaros Open 2017"]
[Site "Zalakaros HUN"]
[Date "2017.05.26"]
[Round "9.34"]
[White "Rajdeep,Sarkar"]
[Black "Farago,I"]
[Result "0-1"]
[WhiteElo "2312"]
[BlackElo "2411"]

1.d4 Nf6 2.Nf3 e6 3.c4 b6 4.g3 Ba6 5.b3 d5 6.cxd5 exd5 7.Bg2 Bd6 8.O-O O-O
9.Nc3 Re8 10.Bb2 Nbd7 11.Rc1 c6 12.Qc2 Rc8 13.Rfd1 Ne4 14.e3 Qe7 15.Bf1 Bxf1
16.Rxf1 Ndf6 17.Kg2 Qe6 18.Ne2 Ng4 19.Qd3 Qh6 20.h3 Qxh3+ 21.Kxh3 Ngxf2+
22.Kg2 Nxd3 23.Rc2 Nxb2 24.Rxb2 Nf6 25.Rh1 Ng4 26.Nf4 Nxe3+ 27.Kf2 Ng4+ 28.Kg2
h6 {#R} 0-1

[Event "Deltalift Open 2017"]
[Site "Tylosand SWE"]
[Date "2017.05.25"]
[Round "2.7"]
[White "Brynell,S"]
[Black "Mattsson,M"]
[Result "1-0"]
[WhiteElo "2430"]
[BlackElo "2049"]

1.d4 Nf6 2.Nf3 e6 3.c4 b6 4.g3 Ba6 5.Qc2 Bb7 6.Bg2 c5 7.d5 exd5 8.cxd5 Bxd5
9.Nc3 Bb7 10.e4 d6 11.O-O Be7 12.Rd1 Qc7 13.Bf4 a6 14.e5 dxe5 15.Bxe5 Qc6
16.Re1 Nbd7 17.Nh4 Qc8 18.Bxf6 {#r} 1-0

[Event "ch-Flemish 2017"]
[Site "Ghent BEL"]
[Date "2017.05.27"]
[Round "5.2"]
[White "Dardha,Daniel"]
[Black "Roos,Ad"]
[Result "1-0"]
[WhiteElo "2126"]
[BlackElo "2249"]

1.d4 Nf6 2.c4 e6 3.Nf3 b6 4.g3 Ba6 5.b3 Bb7 6.Bg2 Bb4+ 7.Bd2 c5 8.Bxb4 cxb4
9.O-O a5 10.Qd3 O-O 11.Nbd2 d6 12.e4 e5 13.Rfe1 Nc6 14.Nf1 Re8 15.Rad1 Qc7
16.Ne3 Ne7 17.Nd5 Nexd5 18.cxd5 Ba6 19.Qd2 exd4 20.Nxd4 Nd7 21.Nf5 Ne5 22.f4
Nd3 23.Re3 Nc5 24.e5 dxe5 25.d6 Qd7 26.Ne7+ Kh8 27.Bxa8 Rxa8 28.Rxe5 Bb7
29.Qe2 h6 30.Qh5 Rf8 31.Qf5 Ne6 32.Rxe6 Qxe6 33.Qxe6 fxe6 34.Ng6+ Kg8 35.Nxf8
Kxf8 36.d7 {#r} 1-0

[Event "36th Zalakaros Open 2017"]
[Site "Zalakaros HUN"]
[Date "2017.05.23"]
[Round "6.26"]
[White "Hnydiuk,A"]
[Black "Van Foreest,Lucas"]
[Result "0-1"]
[WhiteElo "2390"]
[BlackElo "2489"]

1.Nf3 Nf6 2.c4 e6 3.g3 b6 4.Bg2 Bb7 5.O-O Be7 6.Nc3 O-O 7.Re1 d5 8.cxd5 exd5
9.d4 Na6 10.Bf4 c5 11.dxc5 Nxc5 12.Rc1 Nfe4 13.Be5 Re8 14.Nb5 Qd7 15.Nc7 f6
16.Nxe8 fxe5 17.Nxg7 Kxg7 18.Nxe5 Qf5 19.Nd3 Rf8 20.Nf4 a5 21.e3 Bf6 22.Rc2
Kh8 23.f3 Ng5 24.Rd2 Qe5 25.Nxd5 Bxd5 26.f4 Bxg2 27.fxe5 Be4 28.Rf2 Nh3+
29.Kf1 Nxf2 30.Qd6 Bg7 31.e6 Nfd3+ {#R} 0-1

[Event "26th Chicago Open 2017"]
[Site "Chicago USA"]
[Date "2017.05.26"]
[Round "2.28"]
[White "Kumar,Aravind"]
[Black "Williams,Justus D"]
[Result "1-0"]
[WhiteElo "2186"]
[BlackElo "2383"]
[EventType "swiss"]

1.d4 Nf6 2.c4 e6 3.Nc3 Bb4 4.f3 c5 5.d5 O-O 6.e4 d6 7.Bd3 b5 8.Ne2 exd5 9.cxd5
c4 10.Bc2 Qb6 11.Nd4 Nbd7 12.Be3 Bc5 13.O-O Ne5 14.Kh1 Bd7 15.Bg1 b4 16.Nce2
a5 17.Qd2 a4 18.Rac1 Rfe8 19.Bb1 Bc8 20.Rfd1 Ba6 21.Nf5 Bxg1 22.Rxg1 Bc8
23.Ned4 Bxf5 24.Nxf5 Rac8 25.Bc2 b3 26.axb3 cxb3 27.Bb1 h6 {#r} 1-0